Minecraft 1.16.1 Advancements and Criteria Quiz - Statistics

General Stats
  • This quiz has been taken 2,240 times
  • The average score is 127 of 255
Answer Stats
Hint Answer % Correct
Advancement The End?
82%
Advancement The End
82%
Mobs to Breed Pig
76%
Monster Killed Zombie
76%
Mobs to Breed Cow
75%
Effects | Monster Killed Wither
74%
Advancement How Did We Get Here?
73%
Food | Mobs to Breed Chicken
71%
Mobs to Breed Bee
70%
Advancement Diamonds!
70%
Advancement Nether
70%
Mobs to Breed Sheep
70%
Advancement Getting An Upgrade
69%
Monster Killed Skeleton
69%
Advancement Stone Age
69%
Mobs to Breed Cat
67%
Mobs to Breed Horse
67%
Advancement Isn't It Iron Pick
66%
Biome Plains
66%
Mobs to Breed Wolf
66%
Mobs to Breed | Monster Killed Hoglin
65%
Monster Killed Spider
65%
Mobs to Breed Donkey
64%
Monster Killed Enderman
64%
Monster Killed Piglin
64%
Food Beef
63%
Monster Killed Creeper
63%
Monster Killed Ender Dragon
63%
Food | Mobs to Breed Rabbit
63%
Mobs to Breed Mule
62%
Effects Poison
62%
Monster Killed Wither Skeleton
62%
Advancement Adventuring Time
61%
Food Golden Apple
61%
Mobs to Breed Ocelot
61%
Monster Killed Blaze
60%
Food Carrot
60%
Biome Desert
60%
Biome Jungle
60%
Mobs to Breed Panda
60%
Food Cod
59%
Food Enchanted Golden Apple
59%
Advancement | Effects Hero of the Village
59%
Biome Taiga
59%
Monster Killed Zombified Hoglin
59%
Food Apple
58%
Biome Birch Forest
58%
Food Bread
58%
Monster Killed Cave Spider
58%
Monster Killed Endermite
58%
Biome Forest
58%
Advancement Monster Hunter
58%
Food Porkchop
58%
Food Potato
58%
Food Salmon
58%
Nether Biome Soul Sand Valley
58%
Nether Biome Basalt Delta
57%
Cats Black
57%
Nether Biome Crimson Forest
57%
Food Golden Carrot
57%
Food Mutton
57%
Monster Killed Pillager
57%
Monster Killed Shulker
57%
Mobs to Breed Strider
57%
Nether Biome Warped Forest
57%
Advancement We Need to Go Deeper
57%
Monster Killed Witch
57%
Monster Killed Zombified Piglin
57%
Food Beetroot
56%
Monster Killed Husk
56%
Food Mushroom Stew
56%
Effects Regeneration
56%
Effects Speed
56%
Advancement The End... Again...
56%
Advancement A Terrible Fortress
55%
Biome Badlands
55%
Advancement Cover Me in Debris
55%
Advancement Eye Spy
55%
Advancement Free the End
55%
Monster Killed Guardian
55%
Advancement Hot Stuff
55%
Food Raw Beef
55%
Food Beetroot Soup
54%
Monster Killed Drowned
54%
Monster Killed Elder Guardian
54%
Mobs to Breed Fox
54%
Advancement Ice Bucket Challenge
54%
Advancement Minecraft
54%
Advancement Oh Shiny
54%
Effects Slowness
54%
Monster Killed Stray
54%
Effects Strength
54%
Food Suspicious Stew
54%
Biome Warm Ocean
54%
Advancement A Furious Cocktail
53%
Biome Cold Ocean
53%
Effects Fire Resistance
53%
Monster Killed Ghast
53%
Food Pufferfish
53%
Food Rabbit Stew
53%
Food Raw Chicken
53%
Effects Blindness
52%
Monster Killed Evoker
52%
Effects Haste
52%
Advancement Into Fire
52%
Effects Levitation
52%
Biome Mushroom Field
52%
Nether Biome Nether Wastes
52%
Food Pumpkin Pie
52%
Monster Killed Ravager
52%
Food Raw Porkchop
52%
Monster Killed Vex
52%
Advancement Zombie Doctor
52%
Advancement Acquire Hardware
51%
Food Baked Potato
51%
Effects Jump Boost
51%
Monster Killed Magma Cube
51%
Advancement Return to Sender
51%
Advancement Suit Up
51%
Advancement Those Were the Days
51%
Food Tropical Fish
51%
Advancement Two by Two
51%
Effects Weakness
51%
Monster Killed Zombie Villager
51%
Advancement Beaconator
50%
Effects Dolphin's Grace
50%
Advancement Monsters Hunted
50%
Mobs to Breed Mooshroom
50%
Food Raw Mutton
50%
Food Raw Rabbit
50%
Biome Savannah
50%
Monster Killed Silverfish
50%
Food Spider Eye
50%
Advancement A Balanced Diet
49%
Advancement Enchanter
49%
Mobs to Breed Llama
49%
Effects Mining Fatigue
49%
Food Raw Cod
49%
Food Raw Salmon
49%
Food Rotten Flesh
49%
Mobs to Breed Turtle
49%
Cats White
49%
Advancement Arbalistic
48%
Advancement Great View From Up Here
48%
Effects Night Vision
48%
Monster Killed Phantom
48%
Monster Killed Slime
48%
Advancement The City at the End of the Game
48%
Advancement Uneasy Alliance
48%
Monster Killed Vindicator
48%
Advancement War Pigs
48%
Advancement What a Deal!
48%
Effects Bad Omen
47%
Advancement Bullseye
47%
Food Cookie
47%
Advancement Hot Tourist Destinations
47%
Advancement Not Today, Thank You
47%
Effects Resistance
47%
Advancement Sky's the Limit
47%
Advancement Spooky Scary Skeleton
47%
Advancement A Throwaway Joke
46%
Advancement Serious Dedication
46%
Advancement Sniper Duel
46%
Advancement A Complete Catalogue
45%
Advancement A Seedy Place
45%
Biome Beach
45%
Effects Nausea
45%
Advancement Take Aim
45%
Advancement Two Birds One Arrow
45%
Advancement Very Very Frightening
45%
Biome Dark Oak Forest
44%
Advancement Hidden in the Depths
44%
Advancement Sticky Situation
44%
Cats Tabby
44%
Effects Water Breathing
44%
Advancement Who's the Pillager Now?
44%
Advancement Withering Heights
44%
Biome Bamboo Jungle
43%
Biome Giant Tree Taiga
43%
Food Honey Bottle
43%
Biome Lukewarm Ocean
43%
Food Melon Slice
43%
Food Poisonous Potato
43%
Biome River
43%
Advancement The Parrots and The Bats
43%
Advancement Bring Home the Beacon
42%
Advancement Cover Me With Diamonds
42%
Advancement Ol' Betsy
42%
Advancement Subspace Bubble
42%
Advancement Who is Cutting Onions?
42%
Effects Slow Falling
41%
Cats Calico
40%
Effects Invisibility
40%
Cats Jellie
40%
Advancement Local Brewery
40%
Biome Snowy Taiga
40%
Advancement This Boat Has Legs
40%
Advancement You Need a Mint
40%
Effects Absorption
39%
Advancement Adventure
39%
Food Dried Kelp
39%
Advancement Postmortal
39%
Cats Tuxedo
39%
Advancement A Total Beelocation
38%
Effects Hunger
38%
Cats Siamese
38%
Advancement The Next Generation
38%
Advancement Best Friends Forever
37%
Cats British Shorthair
37%
Food Chorus Fruit
37%
Effects Glowing
37%
Biome Mountains
37%
Cats Red
37%
Advancement Remote Getaway
37%
Biome Swamp
37%
Advancement Sweet Dreams
37%
Advancement Tactical Fishing
37%
Advancement Not Quite "Nine" Lives
36%
Advancement Voluntary Exile
36%
Effects Conduit Power
35%
Advancement Hired Help
35%
Advancement Husbandry
35%
Biome Jungle Edge
35%
Biome Jungle Hills
35%
Food Sweet Berries
35%
Biome Badlands Plateau
34%
Advancement Country Lode, Take Me Home
34%
Biome Deep Cold Ocean
34%
Advancement Fishy Business
34%
Cats Persian
32%
Biome Taiga Hills
32%
Advancement Bee Our Guest
31%
Biome Desert Hills
31%
Biome Frozen River
31%
Biome Bamboo Jungle Hills
30%
Biome Mushroom Field Shore
30%
Biome Wooded Hills
30%
Biome Birch Forest Hills
29%
Cats Ragdoll
29%
Biome Deep Frozen Ocean
28%
Biome Deep Lukewarm Ocean
27%
Biome Giant Tree Taiga Hills
26%
Biome Snowy Beach
26%
Biome Snowy Tundra
26%
Biome Wooded Badlands Plateau
26%
Biome Snowy Taiga Hills
24%
Biome Snowy Mountains
23%
Biome Stone Shore
23%
Biome Savannah Plateau
22%
Biome Wooded Mountains
17%
No matching quizzes found
Score Distribution
Percent of People with Each Score
Percentile by Number Answered
Your Score History
You have not taken this quiz